| 000 | 01239nam0a2200313 4500 | ||
|---|---|---|---|
| 001 | RU\NLR\bibl\2000981 | ||
| 005 | 20260405072704.0 | ||
| 010 | _a978-5-98124-395-0 | ||
| 021 |
_aRU _b2013-359и _934и |
||
| 035 | _a(NLR Aleph) 001989714 | ||
| 090 |
_a4207384 _c4207384 |
||
| 100 | _a20130215d2013 |||y0rusy50 ca | ||
| 101 | 1 |
_arus _cund |
|
| 102 | _aRU | ||
| 105 | _aac ||||||||| | ||
| 200 | 1 |
_aСмысл жизни _fБредли Тревор Грив |
|
| 210 |
_aМосква _cДобрая книга _d2013 |
||
| 215 |
_a137, [3] с. _cил., портр. _d16 |
||
| 300 | _aЗагл. и авт. ориг.: The meaning of life/ Bradley Trevor Greive | ||
| 454 | 0 |
_12001#$aThe meaning of life$fBradley Trevor Greive _1700#1$3RU\NLR\auth\7719471$7ba$aGreive$bB. T.$f1970-$gBradley Trevor$4070 _tThe meaning of life _aGreive, Bradley Trevor (1970-) |
|
| 606 | 1 |
_aЖивотные _jФотоальбомы _91163614 _3RU\NLR\auth\66148196 |
|
| 686 | _aЕ6я61 | ||
| 686 | _aШ6(82)67-44{Лх3018-88/89(45)} | ||
| 700 | 1 |
_4070 _8rus _7ca _aГрив _bБ.Т. _f1970- _gБредли Тревор _3RU\NLR\auth\7719466 _92538 |
|
| 801 | 0 |
_aRU _bNLR _c20130215 _gRCR |
|
| 801 | 1 |
_aRU _bNLR _c20130215 |
|
| 942 | _cBOOK | ||
| 980 | _aNB | ||